| 000 | 00539nam a22001817a 4500 | ||
|---|---|---|---|
| 003 | OSt | ||
| 005 | 20251016054927.0 | ||
| 008 | 251016b |||||||| |||| 00| 0 eng d | ||
| 040 |
_aDWCL-Main Lib _cOC |
||
| 082 | _aCirc. 658.402 B575s 2018 | ||
| 100 | _aBhalla, Prem P. | ||
| 245 | _a7 Steps to effective team building | ||
| 260 |
_aNew Delhi : _b Goodwill publishing house, _cc2018. |
||
| 300 |
_a160 pages : _b illustrations ; _c21cm. |
||
| 650 | _a1. Leadership | ||
| 650 | _a2. Teams in management | ||
| 942 |
_2ddc _cBK-CIRC _kCirc. _n0 |
||
| 999 |
_c4900 _d4900 |
||